Spolupráca povýšená nad kupecké počty

Prínosy medziobecnej kooperácie a predpokladaný vývoj sídelnej štruktúry. Vývoj sídelnej štruktúry na Slovensku sa vyznačuje veľkou roztrieštenosťou. Zároveň treba pokračovať v procese fiškálnej decentralizácie. Menšie obce majú nedostatok odborníkov aj financií - impulz na zakladanie spoločných obe...

Ausführliche Beschreibung

Gespeichert in:
Bibliographische Detailangaben
1. Verfasser: Tichý, Dušan
Format: Buchkapitel
Sprache:Slowakisch
Schlagworte:
Tags: Tag hinzufügen
Keine Tags, Fügen Sie das erste Tag hinzu!

MARC

LEADER 00000naa$a2200000$$$4500
001 0033001
005 20231016084544.5
041 0 |a slo 
044 |a SK 
245 1 0 |a Spolupráca povýšená nad kupecké počty  |c Dušan Tichý 
520 |a Prínosy medziobecnej kooperácie a predpokladaný vývoj sídelnej štruktúry. Vývoj sídelnej štruktúry na Slovensku sa vyznačuje veľkou roztrieštenosťou. Zároveň treba pokračovať v procese fiškálnej decentralizácie. Menšie obce majú nedostatok odborníkov aj financií - impulz na zakladanie spoločných obecných úradov. Oblasti združovania - rizikové faktory. Perspektívy združovania. 
610 2 0 |a obce 
610 2 0 |a kooperácia 
610 2 0 |a odbornosť 
610 2 0 |a financie 
610 2 0 |a úrady 
610 2 0 |a štruktúra regionálna 
100 1 |a Tichý, Dušan